[Event "DEN-chT 0910 48th"]
[Site "Denmark"]
[Date "2010.01.31"]
[Round "6.4"]
[White "Baekgaard, Martin"]
[Black "Nielsen, Finn Winther"]
[Result "1-0"]
[WhiteElo "2287"]
[BlackElo "2028"]
[PlyCount "67"]
[EventDate "2009.11.07"]
[EventType "team-tourn"]
[EventRounds "9"]
[EventCountry "DEN"]
[SourceTitle "EXT 2023"]
[Source "ChessBase"]
[SourceDate "2022.10.05"]
[SourceVersion "1"]
[SourceVersionDate "2022.10.05"]
[SourceQuality "1"]
[WhiteTeam "Jetsmark"]
[BlackTeam "Aalborg"]
[WhiteTeamCountry "DEN"]
[BlackTeamCountry "DEN"]

1. c4 e6 2. g3 c5 3. Bg2 Nc6 4. Nc3 Nf6 5. Nf3 Be7 6. 0-0 0-0 7. d4 cxd4 8. Nxd4 Nxd4 9. Qxd4 a6 10. Rd1 Qc7 11. Bf4 Qc5 12. Qxc5 Bxc5 13. Rac1 e5 14. Bg5 Ng4 15. Ne4 Bd4 16. Be7 Re8 17. Bc5 Bxb2 18. Nd6 Rf8 19. Rb1 Bd4 20. Bxd4 exd4 21. Rxd4 Ne5 22. Bd5 Rb8 23. Re4 Nc6 24. Nxf7 g6 25. Nd6+ Kh8 26. Rb6 Na5 27. e3 Kg7 28. Re7+ Kh6 29. Nf7+ Rxf7 30. Rxf7 d6 31. Rf8 Kg7 32. Rg8+ Kf6 33. Rxd6+ Ke7 34. Rdd8 1-0

[Event "DEN-chT 0910 48th"]
[Site "Denmark"]
[Date "2009.12.06"]
[Round "3.4"]
[White "Greger, Roland Reinhard"]
[Black "Nielsen, Finn Winther"]
[Result "1-0"]
[WhiteElo "2382"]
[BlackElo "2028"]
[PlyCount "35"]
[EventDate "2009.11.07"]
[EventType "team-tourn"]
[EventRounds "9"]
[EventCountry "DEN"]
[SourceTitle "EXT 2023"]
[Source "ChessBase"]
[SourceDate "2022.10.05"]
[SourceVersion "1"]
[SourceVersionDate "2022.10.05"]
[SourceQuality "1"]
[WhiteTeam "Copenhagen K41"]
[BlackTeam "Aalborg"]
[WhiteTeamCountry "DEN"]
[BlackTeamCountry "DEN"]

1. e4 e5 2. Nf3 d6 3. d4 exd4 4. Nxd4 Nf6 5. Nc3 Be7 6. f3 a6 7. Be3 0-0 8. g4 Re8 9. Qd2 Nc6 10. Nf5 Bf8 11. 0-0-0 Be6 12. g5 Nd7 13. Nd5 Ne7 14. Ndxe7+ Bxe7 15. h4 Ne5 16. f4 Nc4 17. Bxc4 Bxc4 18. Qc3 1-0

[Event "DEN-chT 0910 48th"]
[Site "Denmark"]
[Date "2009.11.08"]
[Round "2.4"]
[White "Nielsen, Finn Winther"]
[Black "Christensen, Tobias"]
[Result "0-1"]
[WhiteElo "2028"]
[BlackElo "2352"]
[PlyCount "104"]
[EventDate "2009.11.07"]
[EventType "team-tourn"]
[EventRounds "9"]
[EventCountry "DEN"]
[SourceTitle "EXT 2023"]
[Source "ChessBase"]
[SourceDate "2022.10.05"]
[SourceVersion "1"]
[SourceVersionDate "2022.10.05"]
[SourceQuality "1"]
[WhiteTeam "Aalborg"]
[BlackTeam "Aarhus/Skolerne"]
[WhiteTeamCountry "DEN"]
[BlackTeamCountry "DEN"]

1. d4 g6 2. e4 c6 3. Nc3 b5 4. a3 Bg7 5. Be3 d6 6. Nge2 Nd7 7. Ng3 Bb7 8. Be2 h5 9. h4 a6 10. f4 Nh6 11. f5 Nf6 12. fxg6 fxg6 13. Qd2 Nhg4 14. Bg5 Qd7 15. Bd3 e5 16. dxe5 Nxe5 17. 0-0-0 Nh7 18. Bf4 0-0 19. Be2 Rae8 20. Kb1 Re6 21. Be3 Qe7 22. Nf1 Re8 23. Bd4 Qf8 24. Be3 Nf6 25. Ng3 Neg4 26. Bxg4 Nxg4 27. Rhf1 Qe7 28. Bg5 Qc7 29. Nge2 Bxc3 30. Nxc3 Qg7 31. Rf4 Ne5 32. Rdf1 a5 33. R4f2 b4 34. axb4 axb4 35. Ne2 Ng4 36. Rf4 Ba6 37. Nd4 Rxe4 38. Rd1 c5 39. Nf3 R4e6 40. Ng1 Ne5 41. Rf2 Bc4 42. b3 Ra8 43. Bh6 Qa7 44. Rf8+ Rxf8 45. Bxf8 Kxf8 46. bxc4 Rf6 47. Qd5 Qf7 48. Qa8+ Kg7 49. Nh3 Rf1 50. Rxf1 Qxf1+ 51. Kb2 Nxc4+ 52. Kb3 Nd2+ 0-1

[Event "DEN-chT 0910 48th"]
[Site "Denmark"]
[Date "2009.11.07"]
[Round "1.4"]
[White "Hansen, Lars"]
[Black "Nielsen, Finn Winther"]
[Result "1-0"]
[WhiteElo "2209"]
[BlackElo "2028"]
[PlyCount "117"]
[EventDate "2009.11.07"]
[EventType "team-tourn"]
[EventRounds "9"]
[EventCountry "DEN"]
[SourceTitle "EXT 2023"]
[Source "ChessBase"]
[SourceDate "2022.10.05"]
[SourceVersion "1"]
[SourceVersionDate "2022.10.05"]
[SourceQuality "1"]
[WhiteTeam "Copenhagen 68"]
[BlackTeam "Aalborg"]
[WhiteTeamCountry "DEN"]
[BlackTeamCountry "DEN"]

1. e4 e5 2. Nc3 Nf6 3. Bc4 Nc6 4. d3 Be7 5. f4 d6 6. Nf3 a6 7. 0-0 Bg4 8. h3 Bxf3 9. Qxf3 Nd4 10. Qd1 b5 11. Bb3 0-0 12. Ne2 Nxb3 13. axb3 c5 14. Ng3 g6 15. fxe5 dxe5 16. Bh6 Re8 17. Qf3 a5 18. Rf2 Ra6 19. Raf1 c4 20. bxc4 bxc4 21. Rd2 Qb6+ 22. d4 Qxb2 23. c3 Qb6 24. Be3 Qc7 25. Rdf2 Bd8 26. dxe5 Qxe5 27. Bd4 Qc7 28. e5 Rxe5 29. Bxe5 Qxe5 30. Re2 Qc7 31. Kh1 Rd6 32. Ne4 Nxe4 33. Rxe4 Rf6 34. Rf4 Rxf4 35. Qxf4 Qd7 36. Qxc4 Bc7 37. Qd4 Qe6 38. c4 a4 39. Qd5 Qe7 40. c5 a3 41. Qa8+ Kg7 42. Qxa3 Qg5 43. Qc3+ Be5 44. Qf3 f5 45. c6 Bc7 46. Re1 Kh6 47. Qe3 Bf4 48. h4 Qg4 49. Qf3 Qxh4+ 50. Qh3 Kh5 51. Qxh4+ Kxh4 52. Re7 h5 53. c7 Bxc7 54. Rxc7 g5 55. Kg1 f4 56. Kf2 Kg4 57. Rc3 Kf5 58. g3 fxg3+ 59. Kxg3 1-0